Automation system of quantitative estimation of operative risk; Bulletin of the Tomsk Polytechnic University; Vol. 310, № 1

Détails bibliographiques
Parent link:Bulletin of the Tomsk Polytechnic University/ Tomsk Polytechnic University (TPU).— , 2006-2007
Vol. 310, № 1.— 2007.— [P. 198-201]
Auteur principal: Dragun I. А.
Autres auteurs: Ustinov G. G., Zatsepin P. М.
Résumé:Заглавие с титульного листа
Электронная версия печатной публикации
Automation system of quantitative analysis of operative risk which is an expert object-module support system in making clinical decisions by means of analysis by neuro-network and probability-statistic methods of medical-biological data and obtaining knowledge from empirical information has been developed and applied.
Langue:anglais
Publié: 2007
Collection:Control, computer engineering and information
Sujets:
Accès en ligne:http://www.lib.tpu.ru/fulltext/v/Bulletin_TPU/2007/v310eng/i1/49.pdf
Format: MixedMaterials Électronique Chapitre de livre
KOHA link:https://koha.lib.tpu.ru/cgi-bin/koha/opac-detail.pl?biblionumber=180957

MARC

LEADER 00000nla2a2200000 4500
001 180957
005 20231031170926.0
035 |a (RuTPU)RU\TPU\book\196165 
035 |a RU\TPU\book\196162 
090 |a 180957 
100 |a 20100531d2007 k y0rusy50 ca 
101 1 |a eng  |c rus 
102 |a RU 
135 |a drnn ---uucaa 
200 1 |a Automation system of quantitative estimation of operative risk  |b Electronic resource  |f I. А. Dragun, G. G. Ustinov, P. М. Zatsepin 
203 |a Text  |c electronic 
215 |a 1 файл (298 Кб) 
225 1 |a Control, computer engineering and information 
230 |a Электронные текстовые данные (1 файл : 298 Кб) 
300 |a Заглавие с титульного листа 
300 |a Электронная версия печатной публикации 
320 |a [Bibliography: p. 201 (4 titles)] 
330 |a Automation system of quantitative analysis of operative risk which is an expert object-module support system in making clinical decisions by means of analysis by neuro-network and probability-statistic methods of medical-biological data and obtaining knowledge from empirical information has been developed and applied. 
337 |a Adobe Reader 
461 1 |0 (RuTPU)RU\TPU\book\169973  |t Bulletin of the Tomsk Polytechnic University  |f Tomsk Polytechnic University (TPU)  |d 2006-2007 
463 1 |0 (RuTPU)RU\TPU\book\195457  |t Vol. 310, № 1  |v [P. 198-201]  |d 2007  |p 201 p. 
610 1 |a automation systems 
610 1 |a quantitative estimation 
610 1 |a operative risks 
610 1 |a expert systems 
610 1 |a object-module systems 
610 1 |a clinical decisions 
610 1 |a neuro-network method 
610 1 |a probability-statistic method 
610 1 |a medical-biological data 
610 1 |a knowledge 
610 1 |a empirical information 
610 1 |a электронный ресурс 
675 |a 004.891  |v 3 
700 1 |a Dragun  |b I. А. 
701 1 |a Ustinov  |b G. G. 
701 1 |a Zatsepin  |b P. М. 
801 1 |a RU  |b 63413507  |c 20090623  |g PSBO 
801 2 |a RU  |b 63413507  |c 20110331  |g PSBO 
856 4 |u http://www.lib.tpu.ru/fulltext/v/Bulletin_TPU/2007/v310eng/i1/49.pdf 
942 |c CF